[Event "German Cup 2019"]
[Site "Magdeburg"]
[Date "2019.06.01"]
[Round "5.1"]
[White "Steffens, Olaf"]
[Black "Nguyen, Alex Dac-Vuong"]
[Result "0-1"]
[WhiteElo "2201"]
[BlackElo "2287"]
[Annotator "ChessBase"]
[PlyCount "74"]
[EventDate "2019.05.30"]
[EventType "k.o."]
[EventCountry "GER"]
[SourceTitle "playchess.com"]
[Source "ChessBase"]
[SourceQuality "1"]
[TimeControl "40/5400+30:900+30"]

1. b4 {[%emt 0:00:23]} e5 {[%emt 0:00:00]} 2. a3 {[%emt 0:00:14]} d5 {[%emt 0:00:00]} 3. Bb2 {[%emt 0:00:42]} Nd7 {[%emt 0:00:00]} 4. e3 {[%emt 0:00:40]} Ngf6 {[%emt 0:00:03]} 5. c4 {[%emt 0:00:36]} c6 {[%emt 0:00:07]} 6. Nf3 {[%emt 0:01:03]} Bd6 {[%emt 0:00:08]} 7. Nc3 {[%emt 0:01:58]} Qe7 {[%emt 0:00:12]} 8. d4 {[%emt 0:17:48]} e4 {[%emt 0:04:27]} 9. Nd2 {[%emt 0:00:37]} O-O {[%emt 0:02:19]} 10. g4 {[%emt 0:02:13]} dxc4 {[%emt 0:13:18]} 11. Bxc4 {[%emt 0:12:58]} Nb6 {[%emt 0:01:14]} 12. Be2 {[%emt 0:02:14]} a5 {[%emt 0:06:13]} 13. g5 {[%emt 0:03:27]} Nfd5 {[%emt 0:00:17]} 14. Ncxe4 {[%emt 0:01:07]} axb4 {[%emt 0:00:15]} 15. Nxd6 {[%emt 0:04:39]} Qxd6 {[%emt 0:02:38]} 16. axb4 {[%emt 0:01:14]} Bh3 {[%emt 0:03:26]} 17. Bd3 {[%emt 0:09:24]} Nf4 {[%emt 0:34:51]} 18. exf4 {[%emt 0:07:06]} Rae8+ {[%emt 0:00:07]} 19. Be2 {[%emt 0:09:02]} Qxf4 {[%emt 0:03:52]} 20. Ra3 {[%emt 0:07:15]} Bg2 {[%emt 0:02:04]} 21. Rg1 {[%emt 0:01:07]} Qxh2 {[%emt 0:00:12]} 22. Rxg2 {[%emt 0:01:09]} Qxg2 {[%emt 0:00:24]} 23. Rg3 {[%emt 0:01:19]} Qh1+ {[%emt 0:00:39]} 24. Nf1 {[%emt 0:00:09]} Nd5 {[%emt 0:00:16]} 25. Kd2 {[%emt 0:04:49]} Qh4 {[%emt 0:01:42]} 26. Kc2 {[%emt 0:04:32]} Qf4 {[%emt 0:03:44]} 27. Kb3 {[%emt 0:01:13]} Qxf2 {[%emt 0:04:59]} 28. Bd3 {[%emt 0:00:19]} g6 {[%emt 0:00:48]} 29. Rf3 {[%emt 0:03:05]} Qh4 {[%emt 0:04:00]} 30. Qd2 {[%emt 0:00:34]} f6 {[%emt 0:04:26]} 31. gxf6 {[%emt 0:01:44]} Rxf6 {[%emt 0:00:11]} 32. Rxf6 {[%emt 0:00:09]} Qxf6 {[%emt 0:00:05]} 33. Ka2 {[%emt 0:01:09]} b5 {[%emt 0:01:14]} 34. Ng3 {[%emt 0:00:28]} Qf3 {[%emt 0:00:14]} 35. Nf1 {[%emt 0:00:28]} Qxd3 {[%emt 0:01:36]} 36. Qxd3 {[%emt 0:00:07]} Nxb4+ {[%emt 0:00:05]} 37. Kb3 {[%emt 0:00:10]} Nxd3 {[%emt 0:00:06]} 0-1

[Event "German Cup 2019"]
[Site "Magdeburg"]
[Date "2019.06.01"]
[Round "5.1"]
[White "Gressmann, Moritz"]
[Black "Falk, Kristoffer"]
[Result "1/2-1/2"]
[WhiteElo "2180"]
[BlackElo "2019"]
[Annotator "ChessBase"]
[PlyCount "91"]
[EventDate "2019.05.30"]
[EventType "k.o."]
[EventCountry "GER"]
[SourceTitle "playchess.com"]
[Source "ChessBase"]
[SourceQuality "1"]
[TimeControl "40/5400+30:900+30"]

1. e4 {[%emt 0:00:00]} c5 {[%emt 0:00:00]} 2. Nf3 {[%emt 0:00:00]} e6 {[%emt 0:00:00]} 3. Nc3 {[%emt 0:01:20]} a6 {[%emt 0:00:03]} 4. a4 {[%emt 0:01:08]} Nc6 {[%emt 0:01:03]} 5. Be2 {[%emt 0:01:22]} Qc7 {[%emt 0:01:23]} 6. O-O {[%emt 0:00:59]} Nf6 {[%emt 0:00:31]} 7. Re1 {[%emt 0:01:36]} Be7 {[%emt 0:01:57]} 8. Bf1 {[%emt 0:01:31]} d6 {[%emt 0:01:16]} 9. h3 {[%emt 0:01:09]} b6 {[%emt 0:01:16]} 10. d3 {[%emt 0:01:58]} Bb7 {[%emt 0:02:38]} 11. Ne2 {[%emt 0:01:50]} O-O {[%emt 0:06:22]} 12. c3 {[%emt 0:08:58]} c4 {[%emt 0:05:14]} 13. Ng3 {[%emt 0:02:12]} cxd3 {[%emt 0:00:20]} 14. Bxd3 {[%emt 0:00:40]} Rfe8 {[%emt 0:04:51]} 15. Nh2 {[%emt 0:11:02]} e5 {[%emt 0:13:35]} 16. Nf5 {[%emt 0:11:57]} Nd8 {[%emt 0:05:28]} 17. Re3 {[%emt 0:14:14]} Ne6 {[%emt 0:03:47]} 18. Ng4 {[%emt 0:04:31]} Kh8 {[%emt 0:08:35]} 19. Nxf6 {[%emt 0:04:51]} Bxf6 {[%emt 0:00:43]} 20. Rg3 {[%emt 0:00:30]} Nf4 {[%emt 0:10:14]} 21. Qg4 {[%emt 0:10:46]} g6 {[%emt 0:02:34]} 22. Bxf4 {[%emt 0:05:16]} exf4 {[%emt 0:00:38]} 23. Qxf4 {[%emt 0:00:11]} Be5 {[%emt 0:02:28]} 24. Qh6 {[%emt 0:00:10]} gxf5 {[%emt 0:07:31]} 25. exf5 {[%emt 0:09:55]} Bxg3 {[%emt 0:04:13]} 26. f6 {[%emt 0:00:36]} Bxf2+ {[%emt 0:00:08]} 27. Kf1 {[%emt 0:02:29]} Bxg2+ {[%emt 0:00:14]} 28. Kxg2 {[%emt 0:00:43]} Rg8+ {[%emt 0:00:50]} 29. Kf1 {[%emt 0:00:59]} Rg6 {[%emt 0:02:36]} 30. Bxg6 {[%emt 0:00:26]} fxg6 {[%emt 0:00:06]} 31. Kxf2 {[%emt 0:00:32]} Qf7 {[%emt 0:00:22]} 32. Qf4 {[%emt 0:00:37]} Rf8 {[%emt 0:01:05]} 33. Qxd6 {[%emt 0:00:47]} Qxf6+ {[%emt 0:00:08]} 34. Qxf6+ {[%emt 0:00:04]} Rxf6+ {[%emt 0:00:08]} 35. Ke3 {[%emt 0:00:57]} Kg7 {[%emt 0:01:04]} 36. b4 {[%emt 0:00:56]} g5 {[%emt 0:00:27]} 37. c4 {[%emt 0:00:46]} Rf4 {[%emt 0:01:27]} 38. Rc1 {[%emt 0:00:20]} Kf6 {[%emt 0:01:00]} 39. c5 bxc5 {[%emt 0:00:14]} 40. bxc5 {[%emt 0:00:34]} Ke7 {[%emt 0:00:12]} 41. Rg1 {[%emt 0:04:45]} Rf5 {[%emt 0:03:11]} 42. Kd4 {[%emt 0:01:20]} Kd7 {[%emt 0:00:49]} 43. Rb1 {[%emt 0:05:13]} Rf4+ {[%emt 0:04:42]} 44. Kd5 {[%emt 0:00:14]} Rf5+ {[%emt 0:00:14]} 45. Kd4 {[%emt 0:00:08]} Rf4+ {[%emt 0:00:05]} 46. Kd5 {[%emt 0:00:06]} 1/2-1/2

[Event "German Cup 2019"]
[Site "Magdeburg"]
[Date "2019.06.01"]
[Round "5.1"]
[White "Meyer-Dunker, Paul"]
[Black "Bold, Andre"]
[Result "1/2-1/2"]
[WhiteElo "2062"]
[BlackElo "2064"]
[Annotator "NA"]
[PlyCount "112"]
[EventDate "2019.05.30"]
[EventType "k.o."]
[EventCountry "GER"]
[SourceTitle "playchess.com"]
[Source "ChessBase"]
[SourceQuality "1"]
[TimeControl "40/5400+30:900+30"]

1. e4 {[%emt 0:00:00]} c6 {[%emt 0:00:00]} 2. d4 {[%emt 0:00:00]} d5 {[%emt 0:00:00]} 3. exd5 {[%emt 0:00:00]} cxd5 {[%emt 0:00:00]} 4. Bd3 {[%emt 0:00:00]} Nc6 {[%emt 0:00:00]} 5. c3 {[%emt 0:00:00]} Nf6 {[%emt 0:00:00]} 6. Bf4 {[%emt 0:00:00]} Bg4 {[%emt 0:00:00]} 7. Qb3 {[%emt 0:00:00]} Qd7 {[%emt 0:00:00]} 8. Nd2 {[%emt 0:00:01]} e6 {[%emt 0:00:00]} 9. Ngf3 {[%emt 0:00:07]} Bxf3 {[%emt 0:00:00]} 10. Nxf3 {[%emt 0:00:11]} Bd6 {[%emt 0:00:05]} 11. Bxd6 {[%emt 0:01:41]} Qxd6 {[%emt 0:00:03]} 12. O-O {[%emt 0:00:14]} O-O {[%emt 0:00:03]} 13. Rae1 {[%emt 0:00:18]} Qc7 {[%emt 0:00:05] B13: Caro-Kann: Exchange Variation and Panov-Botvinnik Attack} (13... Rab8 14. Ne5 Qc7 15. f4 b5 16. a3 a5 17. Qc2 Rfc8 18. Qf2 b4 19. axb4 axb4 20. f5 bxc3 21. bxc3 {½-½ (30) Aravindh,C (2599)-Andreikin,D (2725) Astana 2019}) 14. Qd1 {[%emt 0:01:43] [#]} Rae8 $146 {[%emt 0:09:42]} ({Predecessor:} 14... h6 15. Ne5 Nxe5 16. dxe5 Nd7 17. f4 f5 18. exf6 Rxf6 19. Qg4 Qb6+ 20. Rf2 Rd8 21. g3 {½-½ (50) Gazik,V (2414)-Polak,T (2511) Bojnice 2016}) 15. Qe2 {[%emt 0:05:30]} h6 {[%emt 0:03:23]} 16. Ne5 {[%emt 0:00:23]} Nd7 {[%emt 0:00:05]} 17. f4 {[%emt 0:02:45]} f5 {[%emt 0:00:20]} 18. Ng6 {[%emt 0:11:25]} Rf6 {[%emt 0:04:36]} 19. Qh5 {[%emt 0:05:48]} Kh7 {[%emt 0:07:03]} 20. Nh4 {[%emt 0:07:15]} g6 {[%emt 0:10:26]} 21. Nxg6 {[%emt 0:02:07]} Rxg6 {[%emt 0:00:07]} 22. Bxf5 {[%emt 0:00:12]} exf5 {[%emt 0:00:02]} 23. Rxe8 {[%emt 0:00:09]} Nf6 {[%emt 0:00:03]} 24. Rh8+ {[%emt 0:00:09]} Kg7 {[%emt 0:02:01]} 25. Qxf5 {[%emt 0:00:29]} Ne7 {[%emt 0:04:14]} 26. Qe5 {[%emt 0:00:06]} Qxe5 {[%emt 0:00:21]} 27. fxe5 {[%emt 0:00:07]} Nfg8 {[%emt 0:00:06]} 28. Rxg8+ {[%emt 0:01:19]} Kxg8 {[%emt 0:00:37]} 29. g3 {[%emt 0:03:55]} Ra6 {[%emt 0:00:45]} 30. Ra1 {[%emt 0:08:39]} Rb6 {[%emt 0:00:06]} 31. b3 {[%emt 0:00:35]} Rc6 {[%emt 0:00:27]} 32. Rc1 {[%emt 0:03:08]} Nf5 {[%emt 0:00:09]} 33. Rf1 {[%emt 0:01:07]} Ne3 {[%emt 0:00:37]} 34. Rc1 {[%emt 0:03:23]} b5 {[%emt 0:20:56]} 35. Kf2 {[%emt 0:07:53]} Rxc3 {[%emt 0:41:08]} 36. Rxc3 {[%emt 0:04:19]} Nd1+ {[%emt 0:00:00]} 37. Kf3 {[%emt 0:00:24]} Nxc3 {[%emt 0:00:00]} 38. Kf4 {[%emt 0:03:34]} Nxa2 {[%emt 0:00:00]} 39. e6 {[%emt 0:00:41]} Kf8 {[%emt 0:00:00]} 40. g4 {[%emt 0:06:59]} Nb4 {[%emt 0:00:00]} 41. Ke5 {[%emt 0:19:33]} a5 {[%emt 0:01:17]} 42. h4 {[%emt 0:03:09]} a4 {[%emt 0:02:30]} 43. bxa4 {[%emt 0:00:16]} bxa4 {[%emt 0:00:04]} 44. g5 {[%emt 0:00:34]} a3 {[%emt 0:00:50]} 45. gxh6 {[%emt 0:04:44]} a2 {[%emt 0:00:08]} 46. e7+ {[%emt 0:00:42]} Kxe7 {[%emt 0:00:06]} 47. h7 {[%emt 0:00:06]} a1=Q {[%emt 0:00:03]} 48. h8=Q {[%emt 0:00:29]} Qe1+ {[%emt 0:01:35]} 49. Kf5 {[%emt 0:01:30]} Qf2+ {[%emt 0:00:19]} 50. Kg5 {[%emt 0:01:52]} Qg3+ {[%emt 0:02:20]} 51. Kf5 {[%emt 0:01:33]} Qf3+ {[%emt 0:00:18]} 52. Kg5 {[%emt 0:01:57]} Qe3+ {[%emt 0:04:10]} 53. Kf5 {[%emt 0:01:32]} Qe4+ {[%emt 0:02:09]} 54. Kg5 {[%emt 0:00:15]} Qe3+ {[%emt 0:03:42]} 55. Kf5 {[%emt 0:00:06]} Qe6+ $19 {[%emt 0:00:37]} 56. Kg5 {[%emt 0:00:37]} Qe3+ {[%emt 0:01:57]} 1/2-1/2